000 00750nam a2200229 i 4500
001 123552
003 ES-MaACL
005 20250531213405.0
007 t|
008 070214s1968 sp r ||||1| spa d
100 1 _aRahner, Hugo.
_995011
245 1 0 _aOraciones para los días de retiro /
_cHugo y Karl Rahner ; traducción de Florián Díaz de Cerio.
260 _aZaragoza :
_bHechos y Dichos,
_c1968.
300 _a70 p. ;
_c18 cm.
490 1 _aColección "Equipo" ;
_v3
650 0 4 _aEjercicios espirituales.
_912133
700 1 _aRahner, Karl,
_d1904-1984
_995012
700 1 _aDíaz de Cerio, Florián.
_944222
830 0 _aColección "Equipo" ;
_v3
_9218945
852 _aES-MaACL
_jC-37172
_bR.66413
999 _c123552
_d123552